Lusts

Guardado en:
Bibliografiske detaljer
Hovedforfatter: Blaise, Clark
Format: Bog
Sprog:Undetermined
Udgivet: New York, Estados Unidos Doubleday 1983
Fag:
Tags: Tilføj Tag
Ingen Tags, Vær først til at tagge denne postø!

MARC

LEADER 00000nam a2200000Ia 4500
008 170316s9999 xx 000 0 und d
090 |a F-810 B-13L 
100 |a Blaise, Clark 
245 |a Lusts 
260 |a New York, Estados Unidos 
260 |b Doubleday 
260 |c 1983 
300 |a 253 páginas 
650 |a LITERATURA ESTADOUNIDENSE 
650 |a FICCIÓN 
999 |c 28699  |d 28699 
040 |a cru BVZT 
942 |c 15 D  |h F-810 B-13L  |2 z